Selected tools and measures of tax policy supporting the performance of the economy

Uložené v:
Podrobná bibliografia
Hlavný autor: Schultzová, Anna
Médium: Kapitola
Jazyk:English
Predmet:
Tagy: Pridať tag
Žiadne tagy, Buďte prvý, kto otaguje tento záznam!

MARC

LEADER 00000naa$a2200000$$$4500
001 0185092
005 20240502083436.9
041 0 |a eng 
044 |a PL 
245 1 0 |a Selected tools and measures of tax policy supporting the performance of the economy  |c Anna Schultzová 
610 2 0 |a politika daňová 
610 2 0 |a dane 
610 2 0 |a sadzby daňové 
610 2 0 |a výkonnosť ekonomiky 
610 2 0 |a Európska únia 
100 1 |a Schultzová, Anna